000
00180 a2200097 4500
020
_a
9780439588638
041
_a
eng
100
_a
JEFF BROWN
245
_a
FLAT STANLEY
942
_c
BK
999
_c
2983
_d
2983